Tramwaje Warszawa- Linia 33 (przystanki) - Statystyki

Ogólne statystyki
  • Ten quiz został rozwiązany 210 razy
  • Średni wynik to 20 z 29
Statystyki odpowiedzi
Numer przystanku Nazwa przystanku % Poprawnych
7. Dworzec Centralny
88%
28. Metro Młociny
87%
29. Metro Młociny
87%
14. Rondo Radosława
85%
15. Rondo Radosława
85%
8. Rondo ONZ
84%
1. Kielecka
83%
10. Kino Femina
80%
9. Hala Mirowska
78%
6. Koszykowa
72%
2. Metro Pole Mokotowskie
71%
13. Stawki
71%
11. Nowolipki
70%
4. GUS
69%
21. Piaski
68%
12. Anielewicza
67%
16. Plac Grunwaldzki
67%
3. Biblioteka Narodowa
66%
5. Nowowiejska
65%
23. Aspekt
62%
17. Sady Żoliborskie
60%
22. Aleja Reymonta
58%
24. Cmentarz Wawrzyszewski
56%
27. Nocznickiego
55%
19. Park Olszyna
55%
25. Bogusławskiego
52%
18. Włościańska
52%
20. Romaszewskiego
51%
26. Popiela
50%
Nie znaleziono quizów pasujących do podanych kryteriów
Rozkład punktacji
Procent ludzi z każdym wynikiem
Percentyl według liczby udzielonych odpowiedzi
Twoja historia wyników
Nie rozwiązałeś tego quizu